Quizz football niveau moyen - Statistiques

Statistiques générales
  • Ce quiz a été pris 2 778 fois
  • Le résultat moyen est 6 sur 15
Statistiques - réponses
Question Réponse % Correct
Contre quelle gardien Zinedine Zidane a-t-il marque sa fameuse "panencka" Buffon
91%
Quelle club a gagné la LDC en 1993 Om
83%
Quelle est le premier club a avoir gagné la ligue des champions Real Madrid
76%
Comment s'appelle le stade de l'ogc nice L'allianz riviera
69%
Quelle club de ligue 1 a gagné le championnat 2020-2021 Losc
66%
Quelle joueur a terminé 2eme au ballon d'or 2019 Virgil van dijk
47%
En quelle année Marco van basten a-t-il gagné son ballon d'or ? 1992
34%
Lequel est reste le plus longtemps entraîneur du FC Barcelone Frank rijjkaard
25%
Qui a remporté le ballon d'or 1965 Eusebio
19%
Quelle joueur a joué le plus de coupe du monde Lauthar Matthaus
19%
Qui est le meilleur buteur de l'équipe de France de football Thierry Henry
19%
Quelle est le meilleur buteur de ligue de tout les temps Delio ollis
16%
Quelle est le joueur le plus grand de ligue 1 Yann kohler
14%
Quelle joueur est le meilleur buteur de l'histoire de l'Olympique de Marseille Gunnar Anderson
13%
Comment s'appelle l'aigle sur le logo de l'ogc nice Mèfi
9%
Aucun quiz correspondant
Distribution des résultats
% des personnes avec chaque résultat
Percentile par nombre de réponses
Votre historique - résultats
Vous n’avez pas pris ce quiz